[Event "14. Lichtenberger Sommer"]
[Site "14. Lichtenberger Sommer"]
[Date "2015.08.16"]
[Round "2.110"]
[White "Seitz, Patrick"]
[Black "Fock, Sana"]
[Result "1-0"]
[WhiteElo "1665"]
[BlackElo "1532"]
[PlyCount "69"]
[EventDate "2015.??.??"]
[WhiteTeam "SR Heuberg-Gosheim"]
[BlackTeam "SK International Berlin"]

1. e4 d5 2. exd5 Qxd5 3. Nc3 Qd6 4. Nf3 Nf6 5. d4 Bg4 6. Be2 e6 7. h3 Bh5 8.
O-O c6 9. Be3 Nbd7 10. Qd2 Qc7 11. Bf4 Bd6 12. Bxd6 Qxd6 13. Rfe1 O-O-O 14. Ng5
Bg6 15. Bf3 Rdf8 16. Rad1 h6 17. Nge4 Nxe4 18. Bxe4 f5 19. Bf3 Bf7 20. Na4 Kb8
21. Qc3 g5 22. Nc5 Re8 23. Qb4 Nxc5 24. dxc5 Qe7 25. Bxc6 Rd8 26. Rd6 Ka8 27.
Ba4 Be8 28. Rdxe6 Qf7 29. Re7 Qd5 30. Bxe8 Rc8 31. c6 Rb8 32. R7e5 Qd8 33.
cxb7+ Rxb7 34. Bc6 Rhh7 35. Re8 1-0

[Event "14. Lichtenberger Sommer"]
[Site "14. Lichtenberger Sommer"]
[Date "2015.08.16"]
[Round "2.111"]
[White "Raasch, Hauke"]
[Black "Jansen, Robert"]
[Result "0-1"]
[WhiteElo "1211"]
[BlackElo "1757"]
[PlyCount "54"]
[EventDate "2015.??.??"]
[WhiteTeam "SC Eintracht Berlin e.V."]
[BlackTeam "SC Kreuzberg"]

1. d4 d5 2. Nf3 e6 3. e3 Nf6 4. Bd3 c5 5. c3 Nc6 6. Nbd2 Bd6 7. O-O O-O 8. e4
cxd4 9. cxd4 dxe4 10. Nxe4 Nxe4 11. Bxe4 f5 12. Bd3 Bd7 13. Re1 Qf6 14. Bc4 Na5
15. Bb3 Rfe8 16. d5 e5 17. Bc2 e4 18. Nd4 Be5 19. Nb3 Nxb3 20. Bxb3 Kh8 21. Rb1
Bd6 22. Qh5 f4 23. Bc2 Re5 24. Qe2 f3 25. Qe3 Qg6 26. g3 Rae8 27. b3 Qg4 0-1

[Event "14. Lichtenberger Sommer"]
[Site "14. Lichtenberger Sommer"]
[Date "2015.08.16"]
[Round "2.112"]
[White "Wolff, Marie Antoinette"]
[Black "Allaart, Janne"]
[Result "1/2-1/2"]
[WhiteElo "1643"]
[BlackElo "1454"]
[PlyCount "101"]
[EventDate "2015.??.??"]
[WhiteTeam "Leegebrucher SF"]
[BlackTeam "HMC Den Bosch"]

1. c4 e5 2. Nc3 Nf6 3. g3 d5 4. cxd5 Nxd5 5. Bg2 Be6 6. Nf3 Nc6 7. d3 Bc5 8.
O-O O-O 9. a3 Qd7 10. Qc2 Rad8 11. Nxd5 Qxd5 12. Ng5 Nd4 13. Qd1 Qb3 14. Nxe6
Qxd1 15. Rxd1 fxe6 16. e3 Nb3 17. Rb1 c6 18. Be4 Bb6 19. Bd2 Nc5 20. Bb4 a5 21.
Bxc5 Bxc5 22. b4 axb4 23. axb4 Ba7 24. b5 Rc8 25. bxc6 bxc6 26. Rdc1 c5 27. Rb7
Rf7 28. Rxf7 Kxf7 29. Rb1 Rb8 30. Rxb8 Bxb8 31. Kf1 h6 32. Ke2 Kf6 33. Kd2 Bd6
34. Kc3 Kg5 35. h3 Kf6 36. Kc4 Ke7 37. d4 cxd4 38. exd4 exd4 39. Kxd4 Kf6 40.
Bd3 Bb8 41. Ke4 Bc7 42. Be2 Bb8 43. Kf3 Bc7 44. Kg4 Bb8 45. Bd3 Bc7 46. f4 e5
47. f5 Bb6 48. Kh5 Bf2 49. Kg4 Be3 50. Kf3 Bd2 51. Be4 1/2-1/2

[Event "14. Lichtenberger Sommer"]
[Site "14. Lichtenberger Sommer"]
[Date "2015.08.16"]
[Round "2.113"]
[White "Kornath, Heinrich"]
[Black "Scholz, Felix"]
[Result "1-0"]
[WhiteElo "1829"]
[BlackElo "1100"]
[PlyCount "53"]
[EventDate "2015.??.??"]
[WhiteTeam "SG Eckturm (Berlin)"]
[BlackTeam "vereinslos"]

1. e4 e6 2. d4 d5 3. e5 c5 4. c3 Nc6 5. Be3 Qb6 6. Qd2 Nge7 7. dxc5 Qc7 8. f4
Nf5 9. b4 a6 10. Nf3 Be7 11. Bd3 Nxe3 12. Qxe3 O-O 13. O-O Rd8 14. Nd4 Bd7 15.
Rf3 Nxd4 16. cxd4 Bb5 17. Bc2 a5 18. Nc3 Qc6 19. a4 Bc4 20. b5 Qd7 21. f5 exf5
22. Bxf5 Qc7 23. e6 f6 24. Rh3 g6 25. Qh6 gxf5 26. Qxh7+ Kf8 27. Qh8# 1-0

[Event "14. Lichtenberger Sommer"]
[Site "14. Lichtenberger Sommer"]
[Date "2015.08.16"]
[Round "2.114"]
[White "Eichstädt, Torsten"]
[Black "Wallmann, Bodo"]
[Result "0-1"]
[WhiteElo "1302"]
[BlackElo "1834"]
[PlyCount "88"]
[EventDate "2015.??.??"]
[WhiteTeam "SC Friesen Lichtenberg"]
[BlackTeam "SC Kreuzberg"]

1. d4 d5 2. c4 c6 3. Nf3 e6 4. cxd5 exd5 5. Qc2 Nf6 6. Bg5 Be7 7. Bf4 O-O 8.
Nbd2 h6 9. e3 Bd6 10. Be5 Re8 11. Be2 Qe7 12. Bxd6 Qxd6 13. O-O Bg4 14. h3 Bh5
15. Rfe1 Bg6 16. Qc5 Qe6 17. Qc3 Nbd7 18. Nh4 Ne4 19. Nxe4 Bxe4 20. f3 Bh7 21.
Bd3 f5 22. g4 fxg4 23. Bxh7+ Kxh7 24. Qd3+ Kg8 25. fxg4 Nf6 26. Qg6 Ne4 27.
Qxe6+ Rxe6 28. Re2 Rae8 29. Ng2 g5 30. Rae1 Rf8 31. Rf1 Rxf1+ 32. Kxf1 Ng3+ 33.
Kf2 Nxe2 34. Kxe2 a5 35. a4 c5 36. Kd3 c4+ 37. Kc3 Rb6 38. Ne1 Rb3+ 39. Kd2
Rxb2+ 40. Nc2 Ra2 41. Kc1 Rxa4 42. Kb2 b5 43. e4 dxe4 44. Ne3 Rb4+ 0-1

[Event "14. Lichtenberger Sommer"]
[Site "14. Lichtenberger Sommer"]
[Date "2015.08.16"]
[Round "2.115"]
[White "Dittrich, Hans-Juergen"]
[Black "Gunkel, Wolfgang"]
[Result "0-1"]
[WhiteElo "1401"]
[BlackElo "1647"]
[PlyCount "50"]
[EventDate "2015.??.??"]
[WhiteTeam "vereinslos"]
[BlackTeam "SK International Berlin"]

1. c4 c5 2. g3 e6 3. Bg2 d5 4. d3 Nc6 5. Nf3 Nf6 6. Bg5 Be7 7. Nc3 h6 8. Be3 d4
9. Bd2 dxc3 10. Bxc3 O-O 11. O-O Qc7 12. a3 e5 13. e4 Bg4 14. h3 Be6 15. Re1
Rad8 16. Qc2 Rd7 17. Re3 Rfd8 18. Ne1 Nd4 19. Bxd4 Rxd4 20. b3 Qc8 21. Kh2 Nh7
22. Nf3 Ng5 23. Nxg5 Bxg5 24. Rf1 Bxe3 25. fxe3 Rxd3 0-1

[Event "14. Lichtenberger Sommer"]
[Site "14. Lichtenberger Sommer"]
[Date "2015.08.16"]
[Round "2.116"]
[White "Engelhardt, Erhard"]
[Black "Hamm, Oliver"]
[Result "1-0"]
[WhiteElo "1805"]
[BlackElo "1413"]
[PlyCount "77"]
[EventDate "2015.??.??"]
[WhiteTeam "SSV Rotation Berlin"]
[BlackTeam "SC Eintracht Berlin e.V."]

1. b4 d5 2. Bb2 e6 3. e3 Bxb4 4. Bxg7 f6 5. Qh5+ Ke7 6. Bxh8 Qf8 7. Qxh7+ Ke8
8. Be2 Kd8 9. Nf3 Be7 10. Nh4 Qe8 11. Bh5 Qf8 12. Ng6 Qe8 13. Nxe7 Qxe7 14.
Qxg8+ Kd7 15. Qg6 c6 16. Bxf6 Qf8 17. O-O Kc7 18. Be5+ Kb6 19. Nc3 a6 20. Bd4+
Kc7 21. Qh7+ Nd7 22. f4 Qf5 23. Qxf5 exf5 24. Rab1 Nf8 25. Be5+ Kd7 26. d3 Ke7
27. e4 b5 28. exd5 cxd5 29. Nxd5+ Kd8 30. c4 Be6 31. Bf3 bxc4 32. dxc4 Ke8 33.
Nc7+ Kd7 34. Rfd1+ Ke7 35. Nxa8 Bxc4 36. Rb7+ Ke8 37. Bc6+ Nd7 38. Rdxd7 Be6
39. Rb8# 1-0

[Event "14. Lichtenberger Sommer"]
[Site "14. Lichtenberger Sommer"]
[Date "2015.08.16"]
[Round "2.117"]
[White "Kriuckova, Sonia"]
[Black "Strowig, Justin"]
[Result "0-1"]
[WhiteElo "1256"]
[BlackElo "1835"]
[PlyCount "84"]
[EventDate "2015.??.??"]
[WhiteTeam "SV Empor Berlin"]
[BlackTeam "SV Mattnetz Berlin"]

1. e4 e5 2. d4 exd4 3. c3 d5 4. exd5 Qxd5 5. Nf3 Nf6 6. Qxd4 Nc6 7. Qxd5 Nxd5
8. Bc4 Nb6 9. Bb3 Bf5 10. Be3 f6 11. Nbd2 O-O-O 12. O-O-O h5 13. Bc2 Be6 14.
Nh4 Ne5 15. Bf5 Bxf5 16. Nxf5 Nd5 17. Nb3 g6 18. Ng3 Ng4 19. Ne4 Ngxe3 20. fxe3
Bh6 21. Rhf1 f5 22. Rd3 fxe4 23. Rd4 Bxe3+ 24. Kc2 Bxd4 25. Nxd4 Ne3+ 26. Kd2
Nxf1+ 27. Ke2 Rxd4 28. cxd4 Nxh2 29. Ke3 Re8 30. g3 Ng4+ 31. Ke2 e3 32. b3 Nf6
33. a3 h4 34. gxh4 Nh5 35. b4 Nf4+ 36. Ke1 e2 37. a4 Nd3+ 38. Kd2 e1=Q+ 39.
Kxd3 Re3+ 40. Kc4 c6 41. Kc5 Kc7 42. d5 Qc3# 0-1

[Event "14. Lichtenberger Sommer"]
[Site "14. Lichtenberger Sommer"]
[Date "2015.08.16"]
[Round "2.118"]
[White "Lieger, Lucas"]
[Black "Steiner, Dominik"]
[Result "0-1"]
[WhiteElo "851"]
[BlackElo "1622"]
[PlyCount "60"]
[EventDate "2015.??.??"]
[WhiteTeam "SC Eintracht Berlin e.V."]
[BlackTeam "SR Heuberg-Gosheim"]

1. d4 d5 2. Bf4 Bf5 3. Nc3 e6 4. Nf3 Nc6 5. e3 Nf6 6. Bd3 Bg6 7. Ne5 Nxe5 8.
dxe5 Nd7 9. O-O Be7 10. Qf3 O-O 11. Ne2 Nc5 12. Bxg6 fxg6 13. Qh3 Qd7 14. Nd4
a5 15. Nf3 Ne4 16. Rfd1 Bc5 17. g3 Qe7 18. g4 g5 19. Bxg5 Nxg5 20. Nxg5 Qxg5
21. Rd3 Qxe5 22. Rb1 c6 23. Rb3 b6 24. Rd3 Rf6 25. Rdd1 Raf8 26. Rf1 Qe4 27.
Rbc1 Rxf2 28. Rxf2 Bxe3 29. Rd1 Bxf2+ 30. Kf1 Bc5+ 0-1

[Event "14. Lichtenberger Sommer"]
[Site "14. Lichtenberger Sommer"]
[Date "2015.08.16"]
[Round "2.119"]
[White "Semenishchev, Sergej"]
[Black "Bullig, Reinhard"]
[Result "0-1"]
[WhiteElo "771"]
[BlackElo "1772"]
[PlyCount "90"]
[EventDate "2015.??.??"]
[WhiteTeam "SC Friesen Lichtenberg"]
[BlackTeam "SF 1903 Berlin"]

1. e4 e6 2. Bc4 b6 3. d3 Bb7 4. Nf3 Be7 5. Nc3 d5 6. Bb3 d4 7. Nb5 c5 8. Bf4
Na6 9. O-O Nf6 10. c3 dxc3 11. bxc3 O-O 12. Re1 Bc6 13. Bc4 Bxb5 14. Bxb5 Nc7
15. Bc6 Rc8 16. Qc2 Nh5 17. Be3 Qd6 18. Ba4 e5 19. Rad1 Ne6 20. Bb5 Kh8 21. c4
Nhf4 22. Qc3 f6 23. Qa3 a5 24. Nh4 g6 25. g3 Nh3+ 26. Kg2 Nhg5 27. Nf3 Nxf3 28.
Kxf3 f5 29. Kg2 f4 30. Bd2 Nd4 31. Ba4 f3+ 32. Kg1 Qe6 33. Kh1 Qh3 34. Rg1 Ne2
35. Bd7 Qxd7 36. Qb2 Nd4 37. Bh6 Rf6 38. Bg5 Re6 39. Be3 Ne2 40. Rge1 Nd4 41.
Bxd4 exd4 42. h4 g5 43. hxg5 Bxg5 44. Kh2 Rh6+ 45. Kg1 Qh3 0-1

[Event "14. Lichtenberger Sommer"]
[Site "14. Lichtenberger Sommer"]
[Date "2015.08.16"]
[Round "2.120"]
[White "Grothe, Michael"]
[Black "Körner, Helmut"]
[Result "0-1"]
[WhiteElo "1220"]
[BlackElo "1864"]
[PlyCount "128"]
[EventDate "2015.??.??"]
[WhiteTeam "vereinslos"]
[BlackTeam "SF Nordost Berlin"]

1. e4 d5 2. d3 dxe4 3. dxe4 Qxd1+ 4. Kxd1 e5 5. Nc3 c6 6. Nf3 f6 7. g3 Bc5 8.
Ke2 Bg4 9. Bg2 Nd7 10. Be3 Bxe3 11. Kxe3 O-O-O 12. h3 Be6 13. b3 Ne7 14. Rad1
Rhf8 15. g4 g6 16. Nh4 Bg8 17. Rhf1 Nc5 18. Rxd8+ Kxd8 19. Nf3 g5 20. h4 h6 21.
hxg5 hxg5 22. Nd2 Ng6 23. f3 Nf4 24. Kf2 Nce6 25. Ne2 Nxe2 26. Kxe2 Rf7 27. Nc4
Kc7 28. Ne3 Rh7 29. Rh1 Nf4+ 30. Kf2 Rxh1 31. Bxh1 b5 32. Bg2 a5 33. Bf1 Be6
34. c4 Kb6 35. a3 Kc5 36. Kg3 b4 37. Nc2 bxa3 38. Kf2 a2 39. Ke3 Bf7 40. Kd2
Ne6 41. Na1 Nd4 42. Kc3 Nxf3 43. Kb2 Nd2 44. Bd3 Be6 45. Kxa2 Bxg4 46. Nc2 Bd1
47. Kb2 Bxc2 48. Kxc2 Nf3 49. Kc3 Nd4 50. Bf1 g4 51. Bd3 g3 52. Bf1 Ne2+ 53.
Kd3 Nf4+ 54. Kc3 g2 55. Bxg2 Nxg2 56. Kd2 Kb4 57. Kc2 Ne3+ 58. Kb2 Nxc4+ 59.
bxc4 Kxc4 60. Kc2 Kd4 61. Kb3 c5 62. Ka4 c4 63. Ka3 Kd3 64. Kb2 Kd2 0-1

[Event "14. Lichtenberger Sommer"]
[Site "14. Lichtenberger Sommer"]
[Date "2015.08.16"]
[Round "2.121"]
[White "Mildenberger, Hans"]
[Black "Janse, Circe"]
[Result "1-0"]
[WhiteElo "1631"]
[BlackElo "850"]
[PlyCount "79"]
[EventDate "2015.??.??"]
[BlackTeam "SSV Klim-Op"]

1. d4 d5 2. c4 e5 3. dxe5 d4 4. e3 Bb4+ 5. Bd2 dxe3 6. fxe3 Bxd2+ 7. Nxd2 Nc6
8. Qa4 Bd7 9. O-O-O Nxe5 10. Qb3 b6 11. Ngf3 Ng6 12. e4 Nf6 13. h3 Qe7 14. g4
O-O 15. Re1 Bc6 16. Qc2 Rfe8 17. e5 Nd7 18. h4 Bxf3 19. Nxf3 Ngxe5 20. Ng5 Nf6
21. Bg2 Rad8 22. Kb1 Qc5 23. Bd5 Rd7 24. Rhf1 h6 25. Rxf6 gxf6 26. Qh7+ Kf8 27.
Qxh6+ Ke7 28. Ne4 Qd4 29. Qxf6+ Kf8 30. Qh6+ Ke7 31. Qg5+ Kf8 32. Nf6 Qd3+ 33.
Kc1 Rxd5 34. cxd5 Qc4+ 35. Kb1 Qd3+ 36. Ka1 Qg3 37. Nd7+ Nxd7 38. Qh6+ Kg8 39.
Rxe8+ Nf8 40. Rxf8# 1-0

[Event "14. Lichtenberger Sommer"]
[Site "14. Lichtenberger Sommer"]
[Date "2015.08.16"]
[Round "2.122"]
[White "Völler, Lothar"]
[Black "Cravet, Alexandra"]
[Result "1-0"]
[WhiteElo "1789"]
[BlackElo "750"]
[PlyCount "91"]
[EventDate "2015.??.??"]
[WhiteTeam "FS Dortmund"]
[BlackTeam "SC Friesen Lichtenberg"]

1. b3 e5 2. Bb2 Nc6 3. e3 Bc5 4. Bb5 Nge7 5. Ne2 d6 6. O-O Bg4 7. h3 Bh5 8. g4
Bg6 9. d4 Bb6 10. d5 Qd7 11. dxc6 bxc6 12. Ba4 O-O 13. Ng3 Rad8 14. Nd2 Qe6 15.
c4 c5 16. e4 Qf6 17. Qf3 Qg5 18. Bc3 Rfe8 19. Bxe8 Rxe8 20. Nf5 Nc6 21. Qe3 Qf6
22. Qf3 Qg5 23. h4 Qf6 24. Nh6+ gxh6 25. Qxf6 a5 26. h5 Ne7 27. Qxe7 Rxe7 28.
hxg6 hxg6 29. f3 c6 30. Kg2 h5 31. gxh5 gxh5 32. Kh3 Kh7 33. Rg1 f6 34. Rg2 Rd7
35. Rag1 Bd8 36. Rg8 Bc7 37. f4 d5 38. fxe5 fxe5 39. R8g5 Kh6 40. Bxe5 Bd8 41.
Rg6+ Kh7 42. Rg7+ Rxg7 43. Rxg7+ Kh6 44. exd5 cxd5 45. Rd7 Bg5 46. Rxd5 1-0

[Event "14. Lichtenberger Sommer"]
[Site "14. Lichtenberger Sommer"]
[Date "2015.08.17"]
[Round "3.1"]
[White "Stern, René"]
[Black "Dimitrijeski, Kristian"]
[Result "1-0"]
[WhiteElo "2536"]
[BlackElo "2158"]
[PlyCount "133"]
[EventDate "2015.??.??"]
[WhiteTeam "SK König Tegel"]
[BlackTeam "SK König Tegel"]

1. d4 d5 2. c4 c6 3. cxd5 cxd5 4. Bf4 Nf6 5. Nc3 Nc6 6. e3 a6 7. Bd3 Bg4 8.
Nge2 e6 9. Rc1 Be7 10. O-O O-O 11. Na4 Nd7 12. f3 Bh5 13. Qb3 Ra7 14. Bg3 Bg6
15. Nf4 Na5 16. Qc3 b5 17. Nc5 Nxc5 18. dxc5 Bf6 19. Qd2 Bxd3 20. Nxd3 Nc4 21.
Qe2 Bh4 22. Bxh4 Qxh4 23. b3 Na5 24. Ne5 Rc7 25. Qd2 Nc6 26. Nxc6 Rxc6 27. Rc2
Ra8 28. Qd4 Qxd4 29. exd4 a5 30. a3 h5 31. Re2 g6 32. Rfe1 Kg7 33. Re5 Rd8 34.
Kf2 Ra8 35. g3 Rh8 36. Kg2 Rcc8 37. R5e2 Rc6 38. h3 Rcc8 39. g4 Rc6 40. Re5
hxg4 41. hxg4 Rcc8 42. Rh1 Rxh1 43. Kxh1 Rc6 44. Kg2 Rc8 45. Re1 Rc6 46. Kg3
Kf6 47. f4 Rc7 48. Kh4 Rc8 49. Rc1 Rc6 50. b4 a4 51. Kg3 Kg7 52. f5 g5 53. Rh1
f6 54. Kf3 Ra6 55. Rc1 Rc6 56. fxe6 Kf8 57. Rh1 Rxe6 58. Rh7 Re7 59. Rh8+ Kf7
60. Rd8 Re1 61. Rxd5 Ra1 62. c6 Rxa3+ 63. Ke4 Rc3 64. Rd7+ Ke8 65. d5 Rc4+ 66.
Kf5 Rxb4 67. Ra7 1-0

[Event "14. Lichtenberger Sommer"]
[Site "14. Lichtenberger Sommer"]
[Date "2015.08.17"]
[Round "3.2"]
[White "Poetsch, Hagen"]
[Black "Mahn, Franko"]
[Result "1-0"]
[WhiteElo "2498"]
[BlackElo "2169"]
[PlyCount "21"]
[EventDate "2015.??.??"]
[WhiteTeam "SF Schöneck"]
[BlackTeam "SC Weisse Dame (Berlin)"]

1. e4 e6 2. d4 d5 3. Nc3 Nc6 4. e5 f6 5. Bb5 Bd7 6. Nf3 Qe7 7. O-O Nh6 8. Re1
f5 9. Bg5 Qf7 10. Nxd5 exd5 11. e6 1-0

[Event "14. Lichtenberger Sommer"]
[Site "14. Lichtenberger Sommer"]
[Date "2015.08.17"]
[Round "3.3"]
[White "Abel, Dennes"]
[Black "Amelang, Thomas"]
[Result "1-0"]
[WhiteElo "2435"]
[BlackElo "2158"]
[PlyCount "141"]
[EventDate "2015.??.??"]
[WhiteTeam "SK Ricklingen"]
[BlackTeam "SK Siemens München"]

1. d4 Nf6 2. Nf3 g6 3. c4 Bg7 4. Nc3 O-O 5. e4 d6 6. Be2 Nc6 7. Be3 e5 8. d5
Ne7 9. Nd2 Ne8 10. c5 f5 11. f3 Kh8 12. Qc2 Ng8 13. O-O-O Ngf6 14. Kb1 Bd7 15.
Qb3 b6 16. cxb6 axb6 17. Rc1 Nh5 18. Rc2 Qh4 19. g3 Qd8 20. Rhc1 f4 21. Bf2
fxg3 22. hxg3 Bh6 23. Rh1 Bg5 24. a4 Nhf6 25. Nf1 Ra5 26. Bd1 Qa8 27. Re2 Qa6
28. Be3 Bxe3 29. Rxe3 b5 30. axb5 Bxb5 31. Nxb5 Rxb5 32. Qd3 Qb6 33. Rh2 Rb4
34. Rc2 c5 35. dxc6 Rd4 36. Qe2 Nc7 37. Rec3 Ra8 38. Rd2 Nfe8 39. Rxd4 exd4 40.
Rb3 Qxc6 41. Nd2 Kg7 42. Qc4 Qc5 43. Qxc5 dxc5 44. Rb6 Ra6 45. Rb7 Kf6 46. Be2
Ra8 47. f4 h5 48. Bd3 g5 49. Nf3 gxf4 50. gxf4 Ke7 51. e5 Kd7 52. Bf5+ Kc6 53.
Be4+ Kd7 54. Bf5+ Kc6 55. Be4+ Kd7 56. f5 Ra6 57. f6 Nxf6 58. exf6 Rxf6 59.
Ne5+ Kc8 60. Rb3 Rf1+ 61. Ka2 Rf4 62. Bc6 Kd8 63. Rg3 Ne6 64. Bd5 Rf5 65. Bxe6
Rxe5 66. Bc4 h4 67. Rg8+ Ke7 68. Rh8 Re4 69. Rh6 Kf8 70. Rh5 Kg7 71. Rxc5 1-0

[Event "14. Lichtenberger Sommer"]
[Site "14. Lichtenberger Sommer"]
[Date "2015.08.17"]
[Round "3.4"]
[White "Kohler, Thomas"]
[Black "Berger, Steve"]
[Result "1/2-1/2"]
[WhiteElo "2206"]
[BlackElo "2420"]
[PlyCount "31"]
[EventDate "2015.??.??"]
[WhiteTeam "SC Zitadelle Spandau"]
[BlackTeam "SK König Tegel"]

1. Nf3 c5 2. c4 Nc6 3. d4 cxd4 4. Nxd4 g6 5. e4 Bg7 6. Be3 Nf6 7. Nc3 d6 8. Be2
O-O 9. O-O Bd7 10. Qd2 Nxd4 11. Bxd4 Bc6 12. f3 Nd7 13. Be3 a5 14. Rac1 Nc5 15.
b3 Be5 16. Bd1 1/2-1/2

[Event "14. Lichtenberger Sommer"]
[Site "14. Lichtenberger Sommer"]
[Date "2015.08.17"]
[Round "3.5"]
[White "Malek, Daniel"]
[Black "Brümmel, Arend"]
[Result "1-0"]
[WhiteElo "2398"]
[BlackElo "2154"]
[PlyCount "91"]
[EventDate "2015.??.??"]
[WhiteTeam "SK Zehlendorf"]
[BlackTeam "Stader SV"]

1. d4 d5 2. c4 dxc4 3. Nf3 c6 4. e3 Be6 5. Nbd2 Qa5 6. Be2 c3 7. bxc3 Qxc3 8.
Rb1 Bc8 9. O-O Qa5 10. Nc4 Qc7 11. e4 Nf6 12. Qc2 g6 13. Nce5 Nbd7 14. Nxf7
Kxf7 15. Ng5+ Ke8 16. Ne6 Qd6 17. Bc4 Nb6 18. e5 Bxe6 19. exd6 Bxc4 20. Rxb6
axb6 21. Qxc4 Nd5 22. Re1 Kd7 23. Qe2 exd6 24. Qe6+ Kc7 25. Qf7+ Kb8 26. Re8+
Ka7 27. Rxa8+ Kxa8 28. Bg5 Ka7 29. a4 Ka6 30. h4 Ka7 31. g3 Ka6 32. Kg2 Ka7 33.
Kh3 Ka6 34. Kg4 Ka7 35. h5 h6 36. Bf6 gxh5+ 37. Kxh5 Nxf6+ 38. Qxf6 Rg8 39. Qf7
Rh8 40. f4 d5 41. f5 c5 42. Qxd5 cxd4 43. f6 Bc5 44. f7 Ka6 45. g4 Ka5 46. Qc4
1-0

[Event "14. Lichtenberger Sommer"]
[Site "14. Lichtenberger Sommer"]
[Date "2015.08.17"]
[Round "3.6"]
[White "Stark, Ingo"]
[Black "Figura, Atila Gajo"]
[Result "0-1"]
[WhiteElo "2121"]
[BlackElo "2384"]
[PlyCount "50"]
[EventDate "2015.??.??"]
[WhiteTeam "TSG Oberschöneweide"]
[BlackTeam "SC Kreuzberg"]

1. e4 c6 2. Nc3 d5 3. Nf3 Bg4 4. h3 Bxf3 5. Qxf3 e6 6. d4 Nf6 7. Bd3 dxe4 8.
Nxe4 Qxd4 9. O-O Be7 10. Be3 Qd5 11. Rfd1 Nbd7 12. c4 Qa5 13. Bc2 Ne5 14. Qe2
O-O 15. Bg5 Ng6 16. Bxf6 gxf6 17. Rd7 f5 18. Qh5 Qe5 19. Rxb7 Rab8 20. Rxb8
Rxb8 21. Ng5 Qg7 22. h4 h6 23. Nh3 Nxh4 24. g3 Rxb2 25. Ba4 Rb4 0-1

[Event "14. Lichtenberger Sommer"]
[Site "14. Lichtenberger Sommer"]
[Date "2015.08.17"]
[Round "3.7"]
[White "Kalinitschew, Sergey"]
[Black "Simon, Ralf-Axel"]
[Result "1-0"]
[WhiteElo "2410"]
[BlackElo "2113"]
[PlyCount "55"]
[EventDate "2015.??.??"]
[WhiteTeam "SC Kreuzberg"]
[BlackTeam "TSG Neuruppin"]

1. Nf3 c5 2. c4 Nc6 3. Nc3 g6 4. e3 Nf6 5. d4 cxd4 6. exd4 d5 7. cxd5 Nxd5 8.
Bc4 Nb6 9. Bb3 Bg7 10. Be3 O-O 11. d5 Na5 12. O-O Bg4 13. h3 Bxc3 14. bxc3 Nxb3
15. axb3 Bxf3 16. Qxf3 Qxd5 17. Qg3 Qxb3 18. Bh6 Rfc8 19. Qe5 Qxc3 20. Qxe7 Rc7
21. Qe4 Qc6 22. Qd4 f6 23. Rfc1 Qd7 24. Qxf6 Nd5 25. Qd4 Rxc1+ 26. Rxc1 Nf6 27.
Qf4 Qf7 28. Rc7 1-0

[Event "14. Lichtenberger Sommer"]
[Site "14. Lichtenberger Sommer"]
[Date "2015.08.17"]
[Round "3.8"]
[White "Brüdigam, Martin"]
[Black "Albert, Jörg"]
[Result "1-0"]
[WhiteElo "2371"]
[BlackElo "2201"]
[PlyCount "49"]
[EventDate "2015.??.??"]
[WhiteTeam "SK König Tegel"]
[BlackTeam "SV Eiche Reichenbrand"]

1. e4 c6 2. d4 d5 3. Nd2 dxe4 4. Nxe4 Bf5 5. Ng3 Bg6 6. Nf3 Nd7 7. Nh4 e6 8.
Nxg6 hxg6 9. c3 Ngf6 10. Ne2 Bd6 11. g3 Qc7 12. Bg2 O-O-O 13. Qa4 Kb8 14. Bg5
Rde8 15. h3 Rh5 16. h4 e5 17. O-O-O e4 18. Qb3 Nd5 19. c4 f6 20. Bd2 e3 21.
fxe3 Ne7 22. g4 Rhh8 23. c5 Bg3 24. h5 gxh5 25. gxh5 1-0

[Event "14. Lichtenberger Sommer"]
[Site "14. Lichtenberger Sommer"]
[Date "2015.08.17"]
[Round "3.9"]
[White "Nowka, Oliver"]
[Black "Dauth, Benjamin"]
[Result "1/2-1/2"]
[WhiteElo "2071"]
[BlackElo "2360"]
[PlyCount "55"]
[EventDate "2015.??.??"]
[WhiteTeam "Thales (FV Schach)"]
[BlackTeam "SC Rotation Pankow"]

1. g3 d5 2. Nf3 c6 3. Bg2 Nf6 4. b3 Bg4 5. Bb2 Nbd7 6. d3 Bxf3 7. exf3 e6 8.
Nd2 Bc5 9. f4 a5 10. a3 Qb6 11. Qe2 O-O 12. O-O Bd4 13. Bxd4 Qxd4 14. Nf3 Qc5
15. c4 Rfd8 16. Qb2 dxc4 17. bxc4 Rab8 18. Rac1 Qa7 19. Rfd1 a4 20. d4 c5 21.
Ne5 cxd4 22. Rxd4 Nc5 23. Rcd1 Qa5 24. Rxd8+ Rxd8 25. Rxd8+ Qxd8 26. Bf3 Qc7
27. Qb4 Kf8 28. Bd1 1/2-1/2

[Event "14. Lichtenberger Sommer"]
[Site "14. Lichtenberger Sommer"]
[Date "2015.08.17"]
[Round "3.10"]
[White "Bazarov, Konstantin"]
[Black "Miersch, Marco"]
[Result "1-0"]
[WhiteElo "2321"]
[BlackElo "2137"]
[PlyCount "91"]
[EventDate "2015.??.??"]
[WhiteTeam "Moscow"]
[BlackTeam "SV Berolina Mitte"]

1. d4 Nf6 2. c4 d6 3. Nc3 g6 4. e4 Bg7 5. Bd3 e5 6. d5 Na6 7. Nge2 Nc5 8. Bc2
a5 9. O-O O-O 10. Rb1 c6 11. a3 cxd5 12. cxd5 Bd7 13. b4 axb4 14. axb4 Na6 15.
h3 Rc8 16. Be3 Nh5 17. Ba4 f5 18. f3 Nf6 19. Qd3 fxe4 20. fxe4 Nh5 21. Rxf8+
Bxf8 22. Bxd7 Qxd7 23. Nb5 Bg7 24. Na3 h6 25. Qb3 Kh7 26. Nc4 Rd8 27. b5 Nc5
28. Bxc5 dxc5 29. Qe3 g5 30. Ng3 Nf4 31. Rb2 g4 32. h4 h5 33. b6 Bh6 34. Qb3
Qe7 35. Nf5 Qf6 36. g3 Nxd5 37. Ncd6 Ne3 38. Re2 Nxf5 39. Nxf5 Rg8 40. Qd5 Rb8
41. Qxc5 Bg7 42. Qc7 Ra8 43. Rf2 Ra1+ 44. Kg2 Qg6 45. Rb2 Kh8 46. Qc8+ 1-0

[Event "14. Lichtenberger Sommer"]
[Site "14. Lichtenberger Sommer"]
[Date "2015.08.17"]
[Round "3.11"]
[White "Donath, Johann"]
[Black "Von Herman, Ulf"]
[Result "0-1"]
[WhiteElo "2060"]
[BlackElo "2375"]
[PlyCount "126"]
[EventDate "2015.??.??"]
[WhiteTeam "BSV 63 Chemie Weißensee"]
[BlackTeam "SK König Tegel"]

1. e4 c5 2. Nf3 d6 3. Bc4 Nf6 4. d3 Nc6 5. c3 g6 6. O-O Bg7 7. Re1 O-O 8. Bb3
b5 9. Nbd2 a5 10. a4 b4 11. d4 bxc3 12. bxc3 cxd4 13. cxd4 Nb4 14. Ba3 Rb8 15.
Rb1 Ba6 16. Nc4 Nxe4 17. Bxb4 Rxb4 18. Nxa5 Qxa5 19. Rxe4 e6 20. Re1 Qb6 21. d5
e5 22. Bc2 Rc8 23. Qd2 Rxb1 24. Rxb1 Qc5 25. Bd3 Bh6 26. Qxh6 Bxd3 27. Rd1 Qc2
28. Re1 Qc3 29. Rd1 f6 30. Qe3 Ba6 31. Qb6 Be2 32. Rb1 Bd3 33. Rd1 Bc2 34. Rc1
Qa3 35. Re1 Qc5 36. Qb7 Bxa4 37. Qe7 Rf8 38. Qe6+ Rf7 39. Qg4 Bb3 40. h4 Bxd5
41. h5 Qc4 42. Qg3 Kg7 43. Qh3 Be6 44. h6+ Kg8 45. Nd2 Bxh3 46. Nxc4 Be6 47.
Nxd6 Rd7 48. Ne4 Kf7 49. Nc5 Rc7 50. Ne4 g5 51. Rd1 Rd7 52. Ra1 Rd4 53. f3 Bd5
54. Nd6+ Kg6 55. Ra6 g4 56. Ne8 Rf4 57. Kf2 Bf7 58. Nd6 gxf3 59. gxf3 Bd5 60.
Kg3 Rxf3+ 61. Kg4 Rf4+ 62. Kg3 Kxh6 63. Ra5 Be6 0-1

[Event "14. Lichtenberger Sommer"]
[Site "14. Lichtenberger Sommer"]
[Date "2015.08.17"]
[Round "3.12"]
[White "Schild, Christoph"]
[Black "Pluska, Alexander"]
[Result "1-0"]
[WhiteElo "2375"]
[BlackElo "2030"]
[PlyCount "76"]
[EventDate "2015.??.??"]
[WhiteTeam "SK Freiburg-Zähringen 1887 e.V."]
[BlackTeam "SK Doppelbauer Kiel"]

1. Nf3 Nf6 2. c4 c5 3. Nc3 Nc6 4. g3 d5 5. cxd5 Nxd5 6. Bg2 Nc7 7. O-O e5 8. d3
Be7 9. Nd2 Bd7 10. Nc4 f6 11. f4 b5 12. Ne3 Rc8 13. Ned5 Nxd5 14. Nxd5 Be6 15.
Nxe7 Qxe7 16. fxe5 Nxe5 17. Bf4 O-O 18. Qd2 Qd7 19. Bxe5 fxe5 20. Rxf8+ Rxf8
21. Qe3 Qd4 22. Qxd4 exd4 23. Bc6 Rb8 24. a3 c4 25. Rd1 Rb6 26. Be4 Rd6 27. Kf2
Kf7 28. Rc1 Kf6 29. e3 Ke5 30. Bxh7 Bg4 31. exd4+ Kxd4 32. dxc4 Rh6 33. Bc2
Rxh2+ 34. Kg1 Rh3 35. Kg2 bxc4 36. Re1 Kd5 37. Bd1 Bf5 38. Bf3+ Kc5 1-0